| 000 | nam a22 7a 4500 | ||
|---|---|---|---|
| 999 |
_c129136 _d129136 |
||
| 008 | 190306b xxu||||| |||| 00| 0 eng d | ||
| 020 | _a9780099542032 | ||
| 050 | _aD1051. J84 2010 | ||
| 100 |
_aJudt, Tony _945010 |
||
| 245 |
_aPostwar _ba history of Europe since 1945 _cTony Judt |
||
| 260 |
_aLondon _bVintage Books _c2010 |
||
| 300 |
_axv, 933p. ; _c20cm. |
||
| 651 |
_aEurope _xHistory _y1945- _91604 |
||
| 942 |
_2lcc _cMONOGRAPH |
||